Statistics for Countries With The Highest BMI - Men

Click here to take the quiz!

General Stats

  • This quiz has been taken 26 times
  • The average score is 39 of 50

Answer Stats

BMICountry% Correct
27.6Australia
100%
27.7Mexico
100%
27.5United Kingdom
100%
27.5Canada
94%
27.4Greece
94%
27.8Ireland
94%
28.0New Zealand
94%
28.6United Arab Emirates
94%
28.4United States
94%
28.0Bahrain
88%
27.7Egypt
88%
27.9FS Micronesia
88%
28.5Saint Kitts and Nevis
88%
29.9Samoa
88%
28.4Saudi Arabia
88%
27.3Spain
88%
27.1Turkey
88%
28.7Tuvalu
88%
27.9Argentina
82%
28.2Bahamas
82%
27.7Chile
82%
29.7Kuwait
82%
27.2Libya
82%
29.5Qatar
82%
27.4Antigua and Barbuda
76%
27.6Cyprus
76%
27.5Hungary
76%
27.2Iraq
76%
28.7Kiribati
76%
28.3Marshall Islands
76%
32.1Nauru
76%
28.9Palau
76%
30.4Tonga
76%
27.9Trinidad and Tobago
76%
27.5Barbados
71%
28.1Jordan
71%
28.0Lebanon
71%
27.5Malta
71%
27.3Slovakia
71%
27.4Slovenia
71%
27.8Czech Republic
65%
27.2Lithuania
65%
27.1Belarus
59%
29.1Saint Lucia
59%
27.2Syria
59%
27.4Venezuela
59%
27.4Kazakhstan
53%
27.5Luxembourg
53%
27.6Belize
41%
27.8Andorra
35%

Score Distribution

Percentile by Number Answered

Percent of People with Each Score

Your Score History

You have not taken this quiz